Central Library OPAC University of Rajshahi

Atomic Quest : (Record no. 72202)

MARC details
000 -LEADER
fixed length control field 00712nam a2200241 a 4500
001 - CONTROL NUMBER
control field 72202
003 - CONTROL NUMBER IDENTIFIER
rucl marc code BD-RjUL
005 - DATE AND TIME OF LATEST TRANSACTION
control field 20211209082226.0
008 - FIXED-LENGTH DATA ELEMENTS--GENERAL INFORMATION
fixed length control field 170515s1956 nyua 001 0 eng d
035 ## - SYSTEM CONTROL NUMBER
System control number (BD-RjUL)72418
040 ## - CATALOGING SOURCE
Original cataloging agency DLC/ICU
Transcribing agency ICU
Modifying agency BD-RjUL
Language of cataloging eng
041 ## - LANGUAGE CODE
Language code of text/sound track or separate title eng
082 00 - DEWEY DECIMAL CLASSIFICATION NUMBER
Classification number 539.76
Edition number 23
Author mark and year COA 1956
100 1# - MAIN ENTRY--PERSONAL NAME
Personal name Compton, Arthur Holly
Dates associated with a name 1892-1962.
9 (RLIN) 213529
245 10 - TITLE STATEMENT
Title Atomic Quest :
Remainder of title A Personal Narrative /
Statement of responsibility, etc. Arthur Holly Compton
260 ## - PUBLICATION, DISTRIBUTION, ETC. (IMPRINT)
Place of publication, distribution, etc. New York :
Name of publisher, distributor, etc. Oxford University Press,
Date of publication, distribution, etc. 1956.
300 ## - PHYSICAL DESCRIPTION
Pagination 370 p.
Illustrations ill. ;
Size 21 cm.
500 ## - GENERAL NOTE
General note Includes Index.
650 #0 - SUBJECT ADDED ENTRY--TOPICAL TERM
Topical term or geographic name as entry element Nuclear energy
General subdivision History.
9 (RLIN) 213530
Topical term or geographic name as entry element Atomic bomb.
9 (RLIN) 128700
942 ## - ADDED ENTRY ELEMENTS (KOHA)
Source of classification or shelving scheme Dewey Decimal Classification
Koha item type Books
Holdings
Lost status Source of classification or shelving scheme Damaged status Not for loan Collection code Permanent Location Current Location Shelving location Date acquired Source of acquisition Cost, normal purchase price Total Checkouts Full call number Date last seen Copy number Koha item type
  Dewey Decimal Classification   Not For Loan Non-fiction Central Library, University of Rajshahi Central Library, University of Rajshahi Reading Room 21/11/1957 Oxford Universiy press 24.60   539.76 COA 1956 15/05/2017 C-1 Books